| 000 | 00689nam a22001937a 4500 | ||
|---|---|---|---|
| 003 | OSt | ||
| 005 | 20150311100846.0 | ||
| 008 | 150311b xxu||||| |||| 00| 0 eng d | ||
| 040 | _cBMC | ||
| 082 | _a863 | ||
| 100 | 1 |
_aCervantes Saavedra, Miguel de _d1547-1616 _930277 |
|
| 245 | 1 | 0 |
_aDon Quijote de la Mancha _cMiguel de Cervantes ; edición, introducción y notas de José Luis Pérez López |
| 260 |
_a[Madrid] _bEmpresa Pública Don Quijote de La Mancha _c[2005] |
||
| 300 |
_a717 p. _c18 cm |
||
| 500 | _aEn la cub.: El ingenioso hidalgo don Qvixote de la Mancha | ||
| 650 | 2 | 4 |
_929289 _aNovela española |
| 700 | 1 |
_aPérez López, José Luis _932586 |
|
| 942 |
_2ddc _cBK _hahoj |
||
| 999 |
_c19470 _d19470 |
||